Soil science research in India (A Bibliography of IISS Scientists Research Contribution) 1988-2008 (Record no. 44344)

MARC details
000 -LEADER
fixed length control field 00367nam a2200109Ia 4500
082 ## - DEWEY DECIMAL CLASSIFICATION NUMBER
Classification number 631.4:016(540)
Item number RAO
245 #0 - TITLE STATEMENT
Title Soil science research in India (A Bibliography of IISS Scientists Research Contribution) 1988-2008
260 ## - PUBLICATION, DISTRIBUTION, ETC. (IMPRINT)
Place of publication Bhopal
Name of publisher Indian Institute of Soil Science
Year of publication 2008
700 ## - ADDED ENTRY--PERSONAL NAME
Personal name Rao, A.S.
942 ## - ADDED ENTRY ELEMENTS (KOHA)
Koha item type Books
Holdings
Withdrawn status Lost status Damaged status Not for loan Home library Current library Date acquired Source of acquisition Full call number Accession Number Koha item type
        RRII Library RRII Library 16/12/2021 Gift 631.4:016(540) RAO G01091 Books